000 00211 a2200097 4500
001 5421
100 _aStarling,SG
245 _aMechanical properties of matter
260 _a
_bMacmillan
_c
090 _c4454
_d4454
942 _aNUST-CAE
_cM
_c30772
999 _c240494
_d240494